[Event "German Bundesliga 2023-24"]
[Site "Germany"]
[Date "2024.03.17"]
[Round "13"]
[White "Motylev, Alexander"]
[Black "Shevchenko, Kirill"]
[Result "0-1"]
[WhiteElo "2619"]
[BlackElo "2651"]
[Annotator "TA"]
[PlyCount "132"]
[EventDate "2023.10.20"]
[EventType "team-tourn"]
[EventCountry "GER"]
[SourceTitle "playchess.com"]
[Source "ChessBase"]
[SourceQuality "1"]

1. e4 c5 2. Nf3 Nc6 3. Bb5 Nf6 4. Nc3 Qc7 5. O-O Nd4 6. Re1 a6 7. Bf1 d6 8. Nxd4 cxd4 9. Nd5 Nxd5 10. exd5 g6 11. d3 Bg7 12. Bg5 e5 13. dxe6 Bxe6 14. Qd2 O-O 15. Bh6 Qb6 16. Bxg7 Kxg7 17. c4 dxc3 18. Qxc3+ Kg8 19. Re4 a5 20. h4 Rfc8 21. Qd2 Qc5 22. Qe1 Qf5 23. Qd2 Rc6 24. Be2 Qc5 25. Bf3 Qc2 26. Re2 Qxd2 27. Rxd2 Rb6 28. a3 Rc8 29. Re1 h5 30. Kh2 Kg7 31. d4 Kf6 32. Kg3 Bf5 33. Kf4 Rc2 34. Rxc2 Bxc2 35. Bd5 Bb3 36. Bxb3 Rxb3 37. Re2 d5 38. Rd2 a4 39. f3 b5 40. Rc2 b4 41. axb4 Rxb4 42. Rd2 Rc4 43. Rd3 Ke6 44. b3 axb3 45. Rxb3 Rxd4+ 46. Kg5 Rd2 47. Re3+ Kd6 48. g3 d4 49. Re8 Ra2 50. g4 Ra4 51. Rd8+ Ke7 52. Rd5 Ke6 53. Rd8 Ra5+ 54. Kf4 Rd5 55. Re8+ Kd7 56. Re1 d3 57. Rd1 Ke6 58. Ke3 Ke5 59. Rd2 Rd7 60. f4+ Kf6 61. gxh5 gxh5 62. Ke4 Rd8 63. f5 Rd7 64. Kf4 Rd4+ 65. Ke3 Ke5 66. Ra2 d2 0-1

[Event "German Bundesliga 2023-24"]
[Site "Germany"]
[Date "2024.03.17"]
[Round "13"]
[White "Brkic, Ante"]
[Black "Keymer, Vincent"]
[Result "1/2-1/2"]
[WhiteElo "2606"]
[BlackElo "2721"]
[Annotator "TA"]
[PlyCount "89"]
[EventDate "2023.10.20"]
[EventType "team-tourn"]
[EventCountry "GER"]
[SourceTitle "playchess.com"]
[Source "ChessBase"]
[SourceQuality "1"]

1. e4 c5 2. Nf3 d6 3. d4 cxd4 4. Nxd4 Nf6 5. Nc3 a6 6. Be3 e5 7. Nb3 Be6 8. f3 h5 9. Nd5 Bxd5 10. exd5 Nbd7 11. Qd2 g6 12. O-O-O Nb6 13. Kb1 Nbxd5 14. Bg5 Be7 15. g3 Nb6 16. Bxf6 Bxf6 17. Qxd6 h4 18. g4 Na4 19. Be2 Qxd6 20. Rxd6 Ke7 21. Rhd1 Rhd8 22. Rxd8 Rxd8 23. Rxd8 Kxd8 24. c3 Nb6 25. Kc2 Kc7 26. Nd2 Bg5 27. Ne4 Bf4 28. h3 Nd5 29. Bc4 Ne3+ 30. Kd3 f5 31. Nf6 Nxc4 32. Kxc4 Kc6 33. gxf5 gxf5 34. Kd3 Bg5 35. Ne8 Bh6 36. c4 Kc5 37. a3 Kc6 38. b4 b5 39. Nf6 Bc1 40. Nd5 Bxa3 41. Ne7+ Kd7 42. Nxf5 Bxb4 43. cxb5 axb5 44. Nxh4 Ke6 45. Ng2 1/2-1/2

[Event "German Bundesliga 2023-24"]
[Site "Germany"]
[Date "2024.03.17"]
[Round "13"]
[White "Markus, Robert"]
[Black "Donchenko, Alexander"]
[Result "0-1"]
[WhiteElo "2582"]
[BlackElo "2664"]
[Annotator "TA"]
[PlyCount "86"]
[EventDate "2023.10.20"]
[EventType "team-tourn"]
[EventCountry "GER"]
[SourceTitle "playchess.com"]
[Source "ChessBase"]
[SourceQuality "1"]

1. d4 Nf6 2. c4 e6 3. Nc3 Bb4 4. e3 O-O 5. Nge2 d5 6. a3 Be7 7. cxd5 exd5 8. Nf4 c6 9. Bd3 a5 10. O-O Na6 11. f3 Nc7 12. Bd2 Ne6 13. Nfe2 b6 14. Be1 c5 15. Bf2 Bb7 16. Kh1 Qd7 17. a4 g6 18. Rc1 Rfe8 19. Bh4 c4 20. Bc2 Ng4 21. Bf2 Nxf2+ 22. Rxf2 Bg5 23. f4 Bh4 24. Rf3 Ng7 25. Qg1 Rad8 26. Rcf1 f5 27. Rh3 Bf6 28. Rb1 Re6 29. g4 fxg4 30. Qxg4 Re7 31. f5 Nxf5 32. Rf1 Rg7 33. Nf4 Nxe3 34. Qxd7 Rgxd7 35. Rxe3 Bxd4 36. Ree1 Be3 37. Ne6 Rc8 38. Kg2 d4+ 39. Be4 dxc3 40. Bxb7 Rxb7 41. Rxe3 cxb2 42. Rc3 b5 43. Rcf3 h6 0-1

[Event "German Bundesliga 2023-24"]
[Site "Germany"]
[Date "2024.03.17"]
[Round "13"]
[White "Bauer, Christian"]
[Black "Areshchenko, Alexander"]
[Result "1/2-1/2"]
[WhiteElo "2564"]
[BlackElo "2625"]
[Annotator "TA"]
[PlyCount "54"]
[EventDate "2023.10.20"]
[EventType "team-tourn"]
[EventCountry "GER"]
[SourceTitle "playchess.com"]
[Source "ChessBase"]
[SourceQuality "1"]

1. d4 Nf6 2. Bf4 d5 3. e3 c5 4. c3 e6 5. Nd2 Bd6 6. Bb5+ Nc6 7. Bxc6+ bxc6 8. Bxd6 Qxd6 9. Qa4 Nd7 10. Ngf3 a5 11. O-O Ba6 12. Rfc1 c4 13. Qc2 c5 14. b3 cxb3 15. axb3 Bb7 16. dxc5 Qxc5 17. b4 axb4 18. Rxa8+ Bxa8 19. cxb4 Qxc2 20. Rxc2 Ke7 21. Rc7 Kd6 22. Ra7 Rb8 23. Nd4 Bc6 24. Ra6 Rb6 25. Rxb6 Nxb6 26. f4 Bd7 27. N2b3 Nc4 1/2-1/2

[Event "German Bundesliga 2023-24"]
[Site "Germany"]
[Date "2024.03.17"]
[Round "13"]
[White "Laurent-Paoli, Pierre"]
[Black "Cheng, Bobby"]
[Result "1/2-1/2"]
[WhiteElo "2540"]
[BlackElo "2572"]
[Annotator "TA"]
[PlyCount "45"]
[EventDate "2023.10.20"]
[EventType "team-tourn"]
[EventCountry "GER"]
[SourceTitle "playchess.com"]
[Source "ChessBase"]
[SourceQuality "1"]

1. d4 Nf6 2. c4 e6 3. Nc3 d5 4. Nf3 c5 5. cxd5 cxd4 6. Qxd4 exd5 7. e4 dxe4 8. Qxd8+ Kxd8 9. Ng5 Be6 10. Nxe6+ fxe6 11. Bg5 Nc6 12. O-O-O+ Ke8 13. Bc4 Ne5 14. Bxe6 Nd3+ 15. Kc2 Nxf2 16. Bxf6 Nxd1 17. Rxd1 gxf6 18. Rd7 Rd8 19. Rxb7 Rd6 20. Bc4 Rd4 21. Be6 Rd6 22. Bc4 Rd4 23. Be6 1/2-1/2

[Event "German Bundesliga 2023-24"]
[Site "Germany"]
[Date "2024.03.17"]
[Round "13"]
[White "Pruijssers, Roeland"]
[Black "Riehle, Marco"]
[Result "1/2-1/2"]
[WhiteElo "2539"]
[BlackElo "2368"]
[Annotator "TA"]
[PlyCount "61"]
[EventDate "2023.10.20"]
[EventType "team-tourn"]
[EventCountry "GER"]
[SourceTitle "playchess.com"]
[Source "ChessBase"]
[SourceQuality "1"]

1. e4 e5 2. Nf3 Nc6 3. Bc4 Bc5 4. O-O Nf6 5. d3 a6 6. c3 Ba7 7. a4 O-O 8. h3 h6 9. Re1 d6 10. Nbd2 Be6 11. Bxe6 fxe6 12. Nf1 Nh5 13. Be3 Nf4 14. Bxa7 Rxa7 15. N1h2 Qf6 16. Ng4 Qg6 17. Kh2 Raa8 18. g3 Nh5 19. Nh4 Qf7 20. Re3 Kh7 21. Rf3 Qe7 22. Rxf8 Rxf8 23. b4 Nf6 24. Ra2 Nxg4+ 25. Qxg4 Qf6 26. b5 Nd8 27. bxa6 bxa6 28. Rb2 Nc6 29. Qe2 Rf7 30. Ng2 d5 31. Ne1 1/2-1/2

[Event "German Bundesliga 2023-24"]
[Site "Germany"]
[Date "2024.03.17"]
[Round "13"]
[White "Van Foreest, Lucas"]
[Black "Van den Doel, Erik"]
[Result "0-1"]
[WhiteElo "2516"]
[BlackElo "2547"]
[Annotator "RC"]
[PlyCount "158"]
[EventDate "2023.10.20"]
[EventType "team-tourn"]
[EventCountry "GER"]
[SourceTitle "playchess.com"]
[Source "ChessBase"]
[SourceQuality "1"]

1. d4 d5 2. c4 c6 3. cxd5 cxd5 4. Nf3 Nf6 5. Nc3 Nc6 6. Bf4 Bf5 7. e3 e6 8. Be2 Bd6 9. Ne5 O-O 10. Nxc6 bxc6 11. Bxd6 Qxd6 12. O-O Rfc8 13. Rc1 Nd7 14. Na4 c5 15. dxc5 Nxc5 16. Qd4 Nxa4 17. Qxa4 Qb6 18. b3 Bc2 19. Rfe1 Rc5 20. Qd4 Rac8 21. h3 h6 22. Bf1 Rc3 23. Qxb6 axb6 24. Re2 Kf8 25. Rd2 Bg6 26. Rxc3 Rxc3 27. Be2 Ke7 28. Bf3 Bd3 29. Bd1 Kd6 30. f3 Kc5 31. a3 e5 32. Kf2 d4 33. exd4+ Kxd4 34. Ra2 f5 35. a4 e4 36. fxe4 fxe4 37. a5 e3+ 38. Ke1 bxa5 39. Ra4+ Ke5 40. Rxa5+ Kf4 41. Ra4+ Kg3 42. Rg4+ Kh2 43. Rxg7 Rc1 44. Rd7 Bb5 45. Re7 e2 46. Rxe2 Bxe2 47. Kxe2 Kxg2 48. h4 Rc6 49. Kd2 Kf2 50. h5 Rc5 51. Kd3 Rd5+ 52. Kc2 Ke3 53. Bg4 Rg5 54. Bd1 Rg1 55. b4 Rf1 56. Bg4 Rf4 57. Be6 Rxb4 58. Bf7 Rb7 59. Bg6 Rd7 60. Be8 Rd2+ 61. Kc3 Rd8 62. Bg6 Rc8+ 63. Kb3 Kd4 64. Kb2 Rc3 65. Bf7 Kd3 66. Be8 Kd2 67. Bg6 Rg3 68. Ka2 Kc3 69. Kb1 Rg1+ 70. Ka2 Re1 71. Bf7 Re7 72. Bg6 Rb7 73. Be8 Rb2+ 74. Ka1 Kc2 75. Bf7 Kc1 76. Bg6 Rg2 77. Be8 Rg8 78. Bf7 Rg7 79. Bg6 Ra7# 0-1

[Event "German Bundesliga 2023-24"]
[Site "Germany"]
[Date "2024.03.17"]
[Round "13"]
[White "Jovanovic, Zoran"]
[Black "Adams, Michael"]
[Result "1/2-1/2"]
[WhiteElo "2513"]
[BlackElo "2674"]
[Annotator "TA"]
[PlyCount "26"]
[EventDate "2023.10.20"]
[EventType "team-tourn"]
[EventCountry "GER"]
[SourceTitle "playchess.com"]
[Source "ChessBase"]
[SourceQuality "1"]

1. e4 e5 2. Nf3 Nc6 3. Nc3 Nf6 4. Bb5 Bb4 5. O-O O-O 6. Bxc6 dxc6 7. Nxe5 Re8 8. Nd3 Bxc3 9. dxc3 Nxe4 10. Qf3 Ng5 11. Qg3 Ne4 12. Qf3 Ng5 13. Qg3 Ne4 1/2-1/2

[Event "German Bundesliga 2023-24"]
[Site "Germany"]
[Date "2024.03.17"]
[Round "13"]
[White "Zelcic, Robert"]
[Black "Movsesian, Sergei"]
[Result "1/2-1/2"]
[WhiteElo "2476"]
[BlackElo "2605"]
[Annotator "TA"]
[PlyCount "40"]
[EventDate "2023.10.20"]
[EventType "team-tourn"]
[EventCountry "GER"]
[SourceTitle "playchess.com"]
[Source "ChessBase"]
[SourceQuality "1"]

1. e4 c5 2. Nf3 e6 3. Nc3 Nc6 4. d4 cxd4 5. Nxd4 Qc7 6. Be3 a6 7. Bd3 b5 8. Nxc6 Qxc6 9. O-O Bb7 10. Qe1 Nf6 11. f3 b4 12. Ne2 Bc5 13. Bxc5 Qxc5+ 14. Qf2 Qxf2+ 15. Kxf2 Ke7 16. a3 a5 17. Nd4 Rhc8 18. axb4 axb4 19. Nb3 d6 20. h4 h6 1/2-1/2

[Event "German Bundesliga 2023-24"]
[Site "Germany"]
[Date "2024.03.17"]
[Round "13"]
[White "Lai, Hing Ting"]
[Black "Wachinger, Nikolas"]
[Result "1/2-1/2"]
[WhiteElo "2464"]
[BlackElo "2426"]
[Annotator "TA"]
[PlyCount "47"]
[EventDate "2023.10.20"]
[EventType "team-tourn"]
[EventCountry "GER"]
[SourceTitle "playchess.com"]
[Source "ChessBase"]
[SourceQuality "1"]

1. d4 Nf6 2. c4 e6 3. Nf3 d5 4. g3 Be7 5. Bg2 O-O 6. O-O dxc4 7. Qc2 a6 8. a4 Bd7 9. Qxc4 Bc6 10. Bg5 Nbd7 11. Nc3 h6 12. Bxf6 Nxf6 13. Rfd1 Qd6 14. Qd3 Bxf3 15. Qxf3 c6 16. e4 e5 17. Qf5 g6 18. Qxe5 Qxe5 19. dxe5 Ng4 20. Kf1 Bc5 21. Rd2 Rad8 22. Rad1 Rxd2 23. Rxd2 Nxe5 24. Ke2 1/2-1/2

[Event "German Bundesliga 2023-24"]
[Site "Germany"]
[Date "2024.03.17"]
[Round "13"]
[White "Grigorian, Spartak"]
[Black "Heinz, Timothee"]
[Result "1-0"]
[WhiteElo "2439"]
[BlackElo "2372"]
[Annotator "TA"]
[PlyCount "103"]
[EventDate "2023.10.20"]
[EventType "team-tourn"]
[EventCountry "GER"]
[SourceTitle "playchess.com"]
[Source "ChessBase"]
[SourceQuality "1"]

1. d4 d5 2. Nf3 Nf6 3. Bf4 e6 4. e3 Bd6 5. Bg3 b6 6. Nbd2 Ba6 7. Bxa6 Nxa6 8. Qe2 Nb4 9. O-O Bxg3 10. hxg3 O-O 11. a3 Nc6 12. c4 Qd6 13. Rfc1 Ne7 14. cxd5 exd5 15. Qa6 Rfc8 16. b4 c6 17. Rab1 Ne8 18. a4 Qd8 19. Rc2 f6 20. Ne1 Qd7 21. Rbc1 Nc7 22. Qe2 a5 23. Rb2 Rcb8 24. Rcb1 Nc8 25. bxa5 Rxa5 26. Nb3 Ra7 27. Nc5 Qf7 28. Qc2 Rba8 29. Rxb6 Nxb6 30. Rxb6 Ne6 31. Ned3 Nd8 32. Qb3 Kh8 33. Qb4 Qc7 34. Nc1 Nf7 35. N1b3 Nd6 36. Ne6 Qd7 37. Rb8+ Rxb8 38. Qxb8+ Ne8 39. Nec5 Qe7 40. a5 Kg8 41. a6 Kf7 42. Qc8 Nc7 43. Na5 Qe8 44. Qb7 Rxb7 45. axb7 g5 46. g4 Kg7 47. g3 Kf7 48. Nxc6 Na6 49. Ne5+ Qxe5 50. dxe5 Nb8 51. e6+ Ke7 52. Nd7 1-0

[Event "German Bundesliga 2023-24"]
[Site "Germany"]
[Date "2024.03.17"]
[Round "13.1"]
[White "Svane, Rasmus"]
[Black "Livaic, Leon"]
[Result "1/2-1/2"]
[WhiteElo "2646"]
[BlackElo "2549"]
[Annotator "TA"]
[PlyCount "79"]
[EventDate "2023.10.20"]
[EventType "team-tourn"]
[EventCountry "GER"]
[SourceTitle "playchess.com"]
[Source "ChessBase"]
[SourceQuality "1"]

1. d4 d6 2. Nf3 Nf6 3. g3 Nbd7 4. c4 g6 5. Bg2 Bg7 6. Nc3 O-O 7. O-O e5 8. e4 exd4 9. Nxd4 Re8 10. Be3 Ne5 11. b3 Nfg4 12. Bc1 Nc6 13. Nxc6 bxc6 14. Bb2 Rb8 15. Qd2 c5 16. Nd5 Ne5 17. Rac1 Nc6 18. Bxg7 Kxg7 19. Rce1 Be6 20. Ne3 Nd4 21. Nc2 Nxc2 22. Qxc2 Qd7 23. Qc3+ Kg8 24. Re3 Bh3 25. Bxh3 Qxh3 26. e5 Qd7 27. Rfe1 Qc6 28. exd6 cxd6 29. h4 Rxe3 30. Qxe3 h5 31. Qf4 Qd7 32. Qf6 Rb7 33. Qc3 Rb8 34. Qd2 Rd8 35. Re3 Ra8 36. Qc3 Re8 37. Qe1 Rxe3 38. Qxe3 Qf5 39. Qe8+ Kg7 40. Qa4 1/2-1/2

[Event "German Bundesliga 2023-24"]
[Site "Germany"]
[Date "2024.03.17"]
[Round "13.1"]
[White "Santos Latasa, Jaime"]
[Black "Navara, David"]
[Result "1/2-1/2"]
[WhiteElo "2615"]
[BlackElo "2679"]
[Annotator "TA"]
[PlyCount "49"]
[EventDate "2023.10.20"]
[EventType "team-tourn"]
[EventCountry "GER"]
[SourceTitle "playchess.com"]
[Source "ChessBase"]
[SourceQuality "1"]

1. e4 e5 2. Nf3 Nc6 3. Bb5 Nf6 4. O-O Nxe4 5. Re1 Nd6 6. Nxe5 Be7 7. Bf1 Nxe5 8. Rxe5 O-O 9. Nc3 Bf6 10. Re1 Re8 11. Nd5 Rxe1 12. Qxe1 b6 13. d3 Bb7 14. Nxf6+ Qxf6 15. Qe3 c5 16. Qf4 Nf5 17. c3 h6 18. Bd2 g5 19. Qg4 Re8 20. h3 Bc6 21. Re1 Rxe1 22. Bxe1 Ne7 23. h4 Qe6 24. Qxe6 dxe6 25. hxg5 1/2-1/2

[Event "German Bundesliga 2023-24"]
[Site "Germany"]
[Date "2024.03.17"]
[Round "13.1"]
[White "Nisipeanu, Liviu-Dieter"]
[Black "Bluebaum, Matthias"]
[Result "1/2-1/2"]
[WhiteElo "2600"]
[BlackElo "2668"]
[Annotator "TA"]
[PlyCount "41"]
[EventDate "2023.10.20"]
[EventType "team-tourn"]
[EventCountry "GER"]
[SourceTitle "playchess.com"]
[Source "ChessBase"]
[SourceQuality "1"]

1. e4 e5 2. Nf3 Nc6 3. Bb5 a6 4. Ba4 Nf6 5. d3 Bc5 6. Bxc6 dxc6 7. Nbd2 Be6 8. Nb3 Bb6 9. Be3 Bxe3 10. fxe3 Nd7 11. Qd2 Qe7 12. Qc3 f6 13. Na5 Rb8 14. O-O O-O 15. b4 c5 16. a3 Rfc8 17. Rab1 Qd6 18. Nc4 Qc6 19. Na5 Qd6 20. Nc4 Qc6 21. Na5 1/2-1/2

[Event "German Bundesliga 2023-24"]
[Site "Germany"]
[Date "2024.03.17"]
[Round "13.2"]
[White "Kollars, Dmitrij"]
[Black "Bartel, Mateusz"]
[Result "1/2-1/2"]
[WhiteElo "2633"]
[BlackElo "2651"]
[Annotator "TA"]
[PlyCount "42"]
[EventDate "2023.10.20"]
[EventType "team-tourn"]
[EventCountry "GER"]
[SourceTitle "playchess.com"]
[Source "ChessBase"]
[SourceQuality "1"]

1. e4 e6 2. d4 d5 3. Nc3 Bb4 4. Nge2 dxe4 5. a3 Be7 6. Nxe4 Nd7 7. g3 Ngf6 8. Nxf6+ Nxf6 9. Bg2 Rb8 10. c4 O-O 11. Nc3 a6 12. O-O b5 13. c5 Bb7 14. c6 Bc8 15. Bf4 b4 16. axb4 Rxb4 17. Qc2 Nd5 18. Nxd5 exd5 19. Qd2 Rb6 20. Qc2 Be6 21. Rfc1 Bg5 1/2-1/2

[Event "German Bundesliga 2023-24"]
[Site "Germany"]
[Date "2024.03.17"]
[Round "13.2"]
[White "Kraemer, Martin"]
[Black "Svane, Frederik"]
[Result "1/2-1/2"]
[WhiteElo "2579"]
[BlackElo "2626"]
[Annotator "TA"]
[PlyCount "44"]
[EventDate "2023.10.20"]
[EventType "team-tourn"]
[EventCountry "GER"]
[SourceTitle "playchess.com"]
[Source "ChessBase"]
[SourceQuality "1"]

1. d4 Nf6 2. c4 e6 3. Nf3 d5 4. g3 Bb4+ 5. Bd2 Bd6 6. Qc2 O-O 7. Bg2 c6 8. O-O Nbd7 9. Bg5 h6 10. Bxf6 Nxf6 11. Nbd2 a5 12. e4 dxe4 13. Nxe4 Nxe4 14. Qxe4 c5 15. Rad1 Qc7 16. b3 Rd8 17. Rd3 Bd7 18. Ne5 Be8 19. Qxb7 Rab8 20. Qxc7 Bxc7 21. Nc6 Bxc6 22. Bxc6 cxd4 1/2-1/2

[Event "German Bundesliga 2023-24"]
[Site "Germany"]
[Date "2024.03.17"]
[Round "13.2"]
[White "Dardha, Daniel"]
[Black "Idani, Pouya"]
[Result "1-0"]
[WhiteElo "2575"]
[BlackElo "2633"]
[Annotator "TA"]
[PlyCount "69"]
[EventDate "2023.10.20"]
[EventType "team-tourn"]
[EventCountry "GER"]
[SourceTitle "playchess.com"]
[Source "ChessBase"]
[SourceQuality "1"]

1. d4 d5 2. Nf3 Nf6 3. c4 e6 4. Bg5 dxc4 5. e4 b5 6. a4 Bb7 7. axb5 Bxe4 8. Bxc4 Be7 9. Nc3 Bb7 10. O-O Nbd7 11. Qe2 O-O 12. Rad1 Nb6 13. Bd3 Nbd5 14. Ne5 g6 15. Na4 Nh5 16. Nc5 Ndf4 17. Bxf4 Nxf4 18. Qe3 Bxc5 19. dxc5 Qg5 20. Be4 Nh3+ 21. Qxh3 Bxe4 22. f4 Qe7 23. Nd7 Rfd8 24. c6 Bd5 25. f5 gxf5 26. Qh6 Rxd7 27. cxd7 Rd8 28. Rd3 f6 29. Rg3+ Kh8 30. h3 Rxd7 31. Ra1 Qc5+ 32. Kh2 Rf7 33. Qh5 Rf8 34. Ra4 Qxb5 35. Qxh7+ 1-0

[Event "German Bundesliga 2023-24"]
[Site "Germany"]
[Date "2024.03.17"]
[Round "13.3"]
[White "Dragnev, Valentin"]
[Black "Fridman, Daniel"]
[Result "1/2-1/2"]
[WhiteElo "2586"]
[BlackElo "2588"]
[Annotator "TA"]
[PlyCount "52"]
[EventDate "2023.10.20"]
[EventType "team-tourn"]
[EventCountry "GER"]
[SourceTitle "playchess.com"]
[Source "ChessBase"]
[SourceQuality "1"]

1. Nf3 d5 2. e3 c5 3. Bb5+ Bd7 4. c4 Bxb5 5. cxb5 e6 6. b3 a6 7. bxa6 Nxa6 8. O-O Nf6 9. Bb2 Nb4 10. a4 Be7 11. d4 b6 12. Nc3 O-O 13. Qe2 Nc6 14. Nb5 Ne4 15. Nd2 Nxd2 16. Qxd2 Na5 17. dxc5 bxc5 18. Qc2 Bf6 19. Rfb1 Bxb2 20. Rxb2 Qf6 21. Rbb1 Rfc8 22. Qd1 h6 23. h3 Qe5 24. Ra2 Rc6 25. Raa1 Rcc8 26. Ra2 Rc6 1/2-1/2

[Event "German Bundesliga 2023-24"]
[Site "Germany"]
[Date "2024.03.17"]
[Round "13.3"]
[White "Pechac, Jergus"]
[Black "Gustafsson, Jan"]
[Result "1-0"]
[WhiteElo "2580"]
[BlackElo "2620"]
[Annotator "TA"]
[PlyCount "63"]
[EventDate "2023.10.20"]
[EventType "team-tourn"]
[EventCountry "GER"]
[SourceTitle "playchess.com"]
[Source "ChessBase"]
[SourceQuality "1"]

1. e4 e5 2. Nf3 Nc6 3. Bc4 Nf6 4. d3 Bc5 5. c3 d6 6. O-O a5 7. Re1 O-O 8. h3 Be6 9. Bb5 Ba7 10. Be3 Bxe3 11. Rxe3 Ne7 12. d4 Ng6 13. Bf1 h5 14. c4 Nh7 15. Nh2 h4 16. Nc3 a4 17. a3 Kh8 18. Rc1 Ra5 19. Rc2 Nf4 20. Kh1 exd4 21. Qxd4 Bd7 22. Nd5 c5 23. Qd1 Nxd5 24. Qxd5 Bc6 25. Qd3 Ng5 26. Rd2 Re8 27. e5 Ra8 28. Qf5 Kg8 29. Rxd6 Qe7 30. Ng4 Be4 31. Rxe4 Nxe4 32. Bd3 1-0

[Event "German Bundesliga 2023-24"]
[Site "Germany"]
[Date "2024.03.17"]
[Round "13.4"]
[White "Zilka, Stepan"]
[Black "Michalik, Peter"]
[Result "1-0"]
[WhiteElo "2599"]
[BlackElo "2576"]
[Annotator "TA"]
[PlyCount "59"]
[EventDate "2023.10.20"]
[EventType "team-tourn"]
[EventCountry "GER"]
[SourceTitle "playchess.com"]
[Source "ChessBase"]
[SourceQuality "1"]

1. e4 c5 2. Nf3 e6 3. d4 cxd4 4. Nxd4 Nf6 5. Nc3 Nc6 6. Nxc6 bxc6 7. e5 Nd5 8. Ne4 Qc7 9. f4 Qb6 10. Bd3 f5 11. exf6 gxf6 12. Bd2 f5 13. Ng5 h5 14. Qe2 Bg7 15. Bxf5 Ba6 16. Bd3 Qxb2 17. Rd1 Bxd3 18. Qxd3 Rf8 19. c4 Nb6 20. Qg6+ Ke7 21. O-O c5 22. Be3 Rac8 23. f5 Qf6 24. Qxh5 Qh6 25. Qe2 Bd4 26. Kh1 Bxe3 27. Qxe3 Nxc4 28. Qd3 Rcd8 29. Ne4 exf5 30. Qxc4 1-0

[Event "German Bundesliga 2023-24"]
[Site "Germany"]
[Date "2024.03.17"]
[Round "13.4"]
[White "Vrolijk, Liam"]
[Black "Bogner, Sebastian"]
[Result "1-0"]
[WhiteElo "2569"]
[BlackElo "2536"]
[Annotator "TA"]
[PlyCount "110"]
[EventDate "2023.10.20"]
[EventType "team-tourn"]
[EventCountry "GER"]
[SourceTitle "playchess.com"]
[Source "ChessBase"]
[SourceQuality "1"]

1. Nf3 d5 2. g3 Bg4 3. Bg2 c6 4. h3 Bh5 5. c4 e6 6. d4 Nf6 7. Nc3 Nbd7 8. cxd5 Bxf3 9. Bxf3 exd5 10. g4 h6 11. h4 Bb4 12. Qb3 Qb6 13. Be3 O-O-O 14. O-O-O Bd6 15. Qc2 Qc7 16. g5 Ng8 17. Kb1 Nb6 18. Bc1 Kb8 19. gxh6 Nxh6 20. h5 Bf4 21. e3 Bg5 22. Rhg1 Qe7 23. e4 Bxc1 24. Qxc1 dxe4 25. Qf4+ Ka8 26. Bxe4 Qf6 27. Qxf6 gxf6 28. d5 cxd5 29. Nxd5 Nxd5 30. Rxd5 Rxd5 31. Bxd5 Kb8 32. Rg7 b6 33. a3 a5 34. Ka2 Rd8 35. Bb3 Rh8 36. f3 Kc8 37. Bd5 Re8 38. f4 Rh8 39. Kb3 Kd7 40. Bxf7 Nxf7 41. Rxf7+ Ke6 42. Rb7 Kd5 43. Rxb6 f5 44. Ka4 Ke4 45. Kxa5 Kxf4 46. b4 Ke5 47. b5 f4 48. Rc6 f3 49. Rc1 Kd4 50. a4 Rxh5 51. Ka6 Rc5 52. Rb1 f2 53. b6 Rc2 54. b7 Rb2 55. Rf1 Kd5 1-0

[Event "German Bundesliga 2023-24"]
[Site "Germany"]
[Date "2024.03.17"]
[Round "13.4"]
[White "Krejci, Jan"]
[Black "Papp, Gabor"]
[Result "0-1"]
[WhiteElo "2517"]
[BlackElo "2530"]
[Annotator "TA"]
[PlyCount "68"]
[EventDate "2023.10.20"]
[EventType "team-tourn"]
[EventCountry "GER"]
[SourceTitle "playchess.com"]
[Source "ChessBase"]
[SourceQuality "1"]

1. d4 Nf6 2. c4 e6 3. Nf3 d5 4. g3 dxc4 5. Bg2 Nbd7 6. O-O c6 7. a4 a5 8. Bg5 h6 9. Bxf6 Qxf6 10. Nbd2 e5 11. Ne4 Qe6 12. dxe5 Nxe5 13. Qd4 f6 14. Nh4 f5 15. Nd2 Be7 16. e4 Qd6 17. Qxd6 Bxd6 18. exf5 O-O 19. Be4 Be7 20. f4 Ng4 21. Ng6 Bc5+ 22. Kh1 Rd8 23. Nxc4 Rd4 24. Bc2 Rxc4 25. Bb3 b5 26. Nh4 Ne3 27. Rfe1 Nc2 28. Bxc2 Rxc2 29. Rad1 Kf7 30. g4 Bf2 31. Ng6 Bxe1 32. Rxe1 Ba6 33. Re7+ Kg8 34. g5 Rd8 0-1

[Event "German Bundesliga 2023-24"]
[Site "Germany"]
[Date "2024.03.17"]
[Round "13.5"]
[White "Lampert, Jonas"]
[Black "Polak, Tomas"]
[Result "1/2-1/2"]
[WhiteElo "2525"]
[BlackElo "2518"]
[Annotator "TA"]
[PlyCount "51"]
[EventDate "2023.10.20"]
[EventType "team-tourn"]
[EventCountry "GER"]
[SourceTitle "playchess.com"]
[Source "ChessBase"]
[SourceQuality "1"]

1. d4 Nf6 2. c4 c5 3. d5 b5 4. cxb5 a6 5. b6 d6 6. e4 Nbd7 7. Nc3 g6 8. a4 Qxb6 9. a5 Qb4 10. Ra4 Qb8 11. f4 Bg7 12. Nf3 O-O 13. Bc4 Ne8 14. O-O Nc7 15. Qe2 Ra7 16. e5 Rb7 17. Ne4 Nb5 18. e6 fxe6 19. Neg5 Nf6 20. Nxe6 Bxe6 21. Qxe6+ Kh8 22. f5 Nc7 23. Qxe7 Ncxd5 24. Qe2 Re7 25. Qd1 Nb4 26. fxg6 1/2-1/2

[Event "German Bundesliga 2023-24"]
[Site "Germany"]
[Date "2024.03.17"]
[Round "13.5"]
[White "Vogel, Roven"]
[Black "Dautov, Rustem"]
[Result "1/2-1/2"]
[WhiteElo "2471"]
[BlackElo "2584"]
[Annotator "TA"]
[PlyCount "154"]
[EventDate "2023.10.20"]
[EventType "team-tourn"]
[EventCountry "GER"]
[SourceTitle "playchess.com"]
[Source "ChessBase"]
[SourceQuality "1"]

1. c4 e6 2. Nf3 Nf6 3. d4 d5 4. g3 Bb4+ 5. Bd2 Be7 6. Bg2 O-O 7. Qc2 c6 8. h4 b6 9. Nc3 Ba6 10. Ng5 Nbd7 11. e4 dxe4 12. Ncxe4 h6 13. Nxf6+ Nxf6 14. O-O-O Rc8 15. Bf4 Qd7 16. Be5 Rfd8 17. f4 Qe8 18. Bf3 Kf8 19. Rde1 Bb4 20. Re2 hxg5 21. hxg5 Ke7 22. f5 Nd7 23. Bxg7 Qg8 24. f6+ Kd6 25. Qa4 Bxc4 26. Qxb4+ c5 27. dxc5+ Rxc5 28. Rc2 Ne5 29. Be4 Rdc8 30. Rd1+ Bd5 31. Rxc5 Rxc5+ 32. Kb1 Kc7 33. Qe1 Bxe4+ 34. Qxe4 Qe8 35. Qd4 Rd5 36. Rc1+ Kb7 37. Qf4 Qd7 38. Qe4 Ng6 39. Bh6 a5 40. a3 Ka7 41. Ka2 Rc5 42. Rf1 Qd2 43. Qa4 Rc2 44. Qb3 Kb7 45. a4 Qe2 46. Rh1 Qe4 47. Re1 Rxb2+ 48. Qxb2 Qxe1 49. Qg2+ Kc7 50. Qa8 Qd2+ 51. Kb1 Qd1+ 52. Kb2 Qd2+ 53. Kb1 Qb4+ 54. Kc1 Qc4+ 55. Kb1 Qb4+ 56. Kc1 Qc5+ 57. Kb1 Qd5 58. Qe8 Qd7 59. Qa8 Qd5 60. Qe8 e5 61. Bf8 Qd7 62. Qa8 Qc6 63. Qa7+ Qb7 64. Bd6+ Kc6 65. Qxb7+ Kxb7 66. Kc2 Kc6 67. Ba3 b5 68. axb5+ Kxb5 69. Kc3 Ka4 70. Bc5 Kb5 71. Ba3 Kb6 72. Kd3 Kc6 73. Kc4 a4 74. Bb4 Kb6 75. Kd5 Kb7 76. Ba3 Kc7 77. Bb4 Kd7 1/2-1/2